خمسون خطبة للجمع والأعياد / (رقم التسجيلة. 48515)

تفاصيل مارك
000 -الفاتح
عناصر البيانات ثابتة الطول 00631cam a2200169 i 4500
005 - تاريخ ووقت آخر معاملة
حقل ضبط 20251117092111.0
008 - عناصر البيانات ثابتة الطول
عناصر البيانات ثابتة الطول 250721s2000 ye gr 000 0 ara d
082 14 - رقم تصنيف ديوي العشري
رقم التصنيف 210.428085
رقم المادة خ م س
245 10 - بيان العنوان
العنوان خمسون خطبة للجمع والأعياد /
بيان المسؤولية جمعه ورتبه عبدالله الغالبي, علي محمد فارع الحمزي.
250 ## - بيان الطبعة
بيان الطبعة الطبعة الاولى.
264 31 - بيانات النشر، التوزيع…إلخ
مكان النشر، التوزيع...إلخ صنعاء :
اسم الناشر، الموزع...إلخ مركز أهل البيت للدراسات،
تاريخ النشر، التوزيع...إلخ 2000.
300 ## - الوصف المادي
عدد الوحدات المكونة للوعاء 421 صفحة.
650 17 - مدخل إضافي بالموضوع - مصطلح موضوعي
مصطلح موضوعي أو اسم جغرافي كعنصر مدخل الخطب الدينية.
700 1# - مدخل إضافي - اسم شخصي
الاسم الشخصي الحمزي، علي
علاقة الشخص بالعمل/ دوره جمع.
942 ## - بيانات إضافية (كوها)
نوع التنصيف Dewey Decimal Classification
نوع المادة (كوها) كتب
المقتنيات
حالة السحب حالة الفقدان مصدر التصنيف حالة التلف غير قابل للإعارة المكتبة الرئيسية المكتبة الحالية موقع الرف تاريخ التزويد الرقم المتسلسل Total Checkouts رقم الإستدعاء الباركود تاريخ آخر ظهور تاريخ الفاتورة نوع المادة (كوها)
    Dewey Decimal Classification     المكتبة المركزية المكتبة المركزية الإعارة 06/07/2004 485956   210.428085/خمس 485956 28/07/2025 06/07/2004 كتب
Implemented & Customized by: BBB with SCIT (Smart Chains for Information Technology)

Powered by Koha